000 00670nam a22002297a 4500
005 20170124105931.0
010 _aA-935960
020 _a8120003837
035 _aA-935960
037 _bCen Lib/Ret
040 _aDPL
_bEN
082 _a328.1
_bMAL
100 _aMalhotra, G.C.
_91240
245 _aMotion of confidence and no- confidence /
_cby G.C. Malhotra
260 _aNew Delhi
_bMetropolitan
_c1998
270 _aI Netaji Subhash Marg
_bNew Delhi
_e110002
300 _axvii;112p. :
_bill.
_c21cm(Hb)
500 _aIncludes index.
650 _aSocial Science
_98379
650 _aPolitical Science
_98380
942 _2ddc
_cEN
_h328.1
_mMAL
999 _c123885
_d123885